01966cam a2200373 a 4500003000900000005001700009008004100026040002800067041000800095049001300103097000900116099003100125100002700156245015400183246014600337260004600483300003100529502008700560520041800647530002201065653001501087653003501102653002401137700003001161700003601191700003201227856003301259905001901292905002101311942001201332999001701344952010801361952012301469EG-GiCUC20250223031607.0161101s2016 ua d f m 000 0 eng d aEG-GiCUCbengcEG-GiCUC0 aeng aDeposite aM.Sc aCai01.11.28.M.Sc.2016.Di.S0 aDina Nabil Adib Antoun12aA study of the echocardiographic findings in the septic neonates / cDina Nabil Adib Antoun ; Supervised Amr Malash , Inas Abdelsattar , Nouran Fahmy15aدراسة الموجات الصوتية فى الأطفال حديثى الولادة المصابين بمرض التسمم فى الدم aCairo : bDina Nabil Adib Antoun , c2016 a161 P. : bcharts ; c25cm aThesis (M.Sc.) - Cairo University - Faculty of Medicine - Department of Pediatrics aNeonatal sepsis is an important cause of morbidity and mortality as a result of multiple organ system failure. Transthoracic echocardiography could detect cardiac affection in cases of neonatal sepsis. Cardiovascular involvement may take the form of defective left ventricular diastolic function and impaired global left ventricular function as evidenced by increase of the myocardial performance index (MPI) aIssued also as CD 4aPediatrics 4aThe echocardiographic findings 4aThe septic neonates0 aAmr Malash , eSupervisor0 aInas Abdelsattar , eSupervisor0 aNouran Fahmy , eSupervisor uhttp://172.23.153.220/th.pdf aNazlaeRevisor aSamaheCataloger 2ddccTH c58401d58401 2ddc70aCUCLbcl210d2024-02-11oCai01.11.28.M.Sc.2016.Di.Sp01010110069993000r2023-09-22 00:00:00yTH 2ddc70aCUCLbcl2u8d2024-02-11oCai01.11.28.M.Sc.2016.Di.Sp01020110069993000r2023-09-22 00:00:00t69993.CD yCD